| 000 | 01088cab a2200241 4500 | ||
|---|---|---|---|
| 001 | ABS59561 | ||
| 008 | 090401t1998 xxu||||| |||| 00| 0 eng d | ||
| 035 | _a(Sirsi) u89458 | ||
| 041 | _aeng | ||
| 245 | _aWoodbury (VO) v Toby Restaurants Ltd | ||
| 260 | _c1998 | ||
| 350 | _a0 | ||
| 490 |
_aRating Appeals _v[1998] RA 315-326(7) |
||
| 520 | _aLT 19 June 1998. A floating restaurant, bars, moorings and premises were deleted from the valuation list after a LT decision that they were exempt from rating by virtue of the Port of London Act 1968 s178(1). On appeal, the VO contended that under the Finance Act 1988 s67, nothing in a local act passed before that Act shall have effect that such a property be exempt from non-domestic rating. "Held" appeal allowed; entry in the rating list reinstated. | ||
| 650 | _aEXEMPTION FROM RATES | ||
| 650 | _aFINANCE ACT 1988 S67 | ||
| 650 | _aFLOATING RESTAURANT | ||
| 650 | _aPORT OF LONDON ACT 1968 | ||
| 650 | _aWOODBURY VO V TOBY RESTAURANTS LTD | ||
| 690 | _aRATING AND VALUATION-CASE LAW | ||
| 942 | _n0 | ||
| 948 | _c03/11/1998 | ||
| 999 |
_c56598 _d56598 |
||